Poruchy príjmu potravy pokroky v psychoterapii

Podrobná bibliografia
Hlavní autori: Jacobi, Corinna, 1957- (Autor), Paul, Thomas, 1950- (Autor), Thiel, Andreas, 1959- (Autor)
Ďalší autori: Langošová, Nina (Prekladateľ)
Médium: Kniha
Jazyk:slovenčina
nemčina
Fyzický popis:128 s. tab. 21 cm
Vydavateľské údaje: Trenčín Vydavateľstvo F 2006
ISBN:8088952352
Predmet:

MARC

LEADER 00000cam a2200000 a 4500
001 vtls008889085
003 SK-MaSNL
005 20260301080550.0
008 251031s2006 xo l f 000 0 slo
015 |a SNBA2007/02-00529 
020 |a 8088952352  |q (brož.) 
035 |a 4AC38658-6B58-48D9-BCE7-14B8167156E0 
035 |a urn:nbn:sk:snk-amky96 
035 |a urn:nbn:sk:snk-am008qal 
040 |a SNK  |b slo  |c SNK  |e AACR2 
041 1 |a slo  |h ger 
044 |a xo  |c SK 
072 7 |a 615.8  |x Fyzioterapia. Psychoterapia. Alternatívna medicína  |2 konspekt 
072 7 |a 616.89  |x Psychiatria  |2 konspekt 
080 |a 616.89-008  |2 2001 
080 |a 615.851  |2 2001 
080 |a 616.89-008.447  |2 2001 
080 |a 616.33-008.4  |2 2001 
080 |a 616-07  |2 2001 
080 |a 615.01/.09  |2 2001 
080 |a (048.8)  |2 2001 
100 1 |a Jacobi, Corinna,  |d 1957-  |4 aut  |9 402460 
240 1 0 |a Esstorungen  |l Slovensky 
245 1 0 |a Poruchy príjmu potravy  |b pokroky v psychoterapii  |c Corinna Jacobi, Thomas Paul a Andreas Thiel ; [preklad: Nina Langošová] 
260 |a Trenčín  |b Vydavateľstvo F  |c 2006 
300 |a 128 s.  |b tab.  |c 21 cm 
504 |a Bibliografia s. 113-119 
650 0 7 |a duševné poruchy  |2 SNKPH  |9 2454 
650 0 7 |a psychoterapia  |2 SNKPH  |9 2575 
650 0 7 |a poruchy správania  |2 SNKPH  |9 18480 
650 0 7 |a anorexia  |2 SNKPH  |9 15848 
650 0 7 |a bulimia nervosa  |2 SNKPH  |9 402461 
650 0 7 |a binge-eating porucha  |2 SNKPH  |9 402462 
650 0 7 |a diagnostika (medicína)  |2 SNKPH  |9 28740 
650 0 7 |a farmakológia  |2 SNKPH  |9 2468 
655 7 |a monografie  |2 SNKPH  |9 70139 
700 1 |a Langošová, Nina  |4 trl  |9 402463 
700 1 |a Paul, Thomas,  |d 1950-  |4 aut  |9 402464 
700 1 |a Thiel, Andreas,  |d 1959-  |4 aut  |9 402465 
919 |a 80-88952-35-2 
958 |a OP 
958 |a NB 
958 |a MI 
968 |b DT  |d 61 
999 |c 653539  |d 655469 
952 |a SNK  |b SNK  |y PREZ  |7 0  |p 17A0537437  |o snkSC 126272  |i snk2007/991  |8 0  |0 0  |1 0  |4 0  |d 2007-01-12  |f 1  |l 0  |r 2025-06-11 00:00:00  |w 2026-02-23 
952 |a SNK  |b SNK  |y VYP  |7 0  |p 17A0537438  |o snkSC 126272 D1  |i snk2007/992  |8 0  |0 0  |1 0  |4 0  |d 2007-01-12  |l 0  |r 2026-02-23 18:28:48  |w 2026-02-23 
952 |a SNK  |b SNK  |y VYP  |7 0  |p 17A0573690  |o snkSC 126272 D2  |i snk2007/27501  |8 0  |0 0  |1 0  |4 0  |d 2007-12-20  |l 0  |r 2026-02-23 18:28:48  |w 2026-02-23